00436nam a2200109Ia 4500008004100000050002200041100002100063245011100084260008600195300003300281521001200314140724s9999 xx 000 0 und d aRT 89b.On58 2010 aOng, Lani Rae B. 2aA comparative study on uniform preference for female nurses at Urban Tertiary Hospital /cLani Rae B. Ong. aLas Piñas, Philippines :bSouthville International School and Colleges,cc2010. a61 p. :bcol. ill. ;c28 cm. aNursing